Statistics for AFL Premiers - 1980-2023

Click here to take the quiz!

General Stats

  • This quiz has been taken 41 times
    (16 since last reset)
  • The average score is 37 of 44

Answer Stats

YearPremiersRunners-upScore% Correct
1997AdelaideSt Kilda19.11 (125) d. 13.16 (94)
100%
1998AdelaideNorth Melbourne15.15 (105) d. 8.22 (70)
100%
2001BrisbaneEssendon15.18 (108) d. 12.10 (82)
100%
2002BrisbaneCollingwood10.15 (75) d. 9.12 (66)
100%
2003BrisbaneCollingwood20.14 (134) d. 12.12 (84)
100%
2010CollingwoodSt Kilda16.12 (108) d. 7.10 (52)
100%
2023CollingwoodBrisbane12.18 (90) d.13.8 (86)
100%
2000EssendonMelbourne19.21 (135) d. 11.9 (75)
100%
2011GeelongCollingwood18.11 (119) d. 12.9 (81)
100%
2007GeelongPort Adelaide24.19 (163) d. 6.8 (44)
100%
2022GeelongSydney20.13 (133) d. 8.4 (52)
100%
2014HawthornSydney21.11 (137) d. 11.8 (74)
100%
2013HawthornFremantle11.11 (77) d. 8.14 (62)
100%
2015HawthornWest Coast16.11 (107) d. 8.13 (61)
100%
2021MelbourneWestern Bulldogs21.14 (140) d. 10.6 (66)
100%
2004Port AdelaideBrisbane17.11 (113) d. 10.13 (73)
100%
2020RichmondGeelong12.9 (81) d. 7.8 (50)
100%
2017RichmondAdelaide16.12 (108) d. 8.12 (60)
100%
2019RichmondGWS17.12 (114) d. 3.7 (25)
100%
2012SydneyHawthorn14.7 (91) d. 11.15 (81)
100%
2005SydneyWest Coast8.10 (58) d. 7.12 (54)
100%
2006West CoastSydney12.13 (85) d. 12.12 (84)
100%
2018West CoastCollingwood11.13 (79) d. 11.8 (74)
100%
2016Western BulldogsSydney13.11 (89) d. 10.7 (67)
100%
2009GeelongSt Kilda12.8 (80) d. 9.14 (68)
91%
2008HawthornGeelong18.7 (115) d. 11.23 (89)
91%
1999North MelbourneCarlton19.10 (124) d. 12.17 (89)
91%
1996North MelbourneSydney19.17 (131) d. 13.10 (88)
73%
1995CarltonGeelong21.15 (141) d. 11.14 (80)
64%
1981CarltonCollingwood12.20 (92) d. 10.12 (72)
64%
1991HawthornWest Coast20.19 (139) d. 13.8 (86)
64%
1980RichmondCollingwood23.21 (159) d. 9.24 (78)
64%
1994West CoastGeelong20.23 (143) d. 8.15 (63)
64%
1992West CoastGeelong16.17 (113) d. 12.13 (85)
64%
1987CarltonHawthorn15.14 (104) d. 9.17 (71)
55%
1982CarltonRichmond14.19 (103) d. 12.13 (85)
55%
1990CollingwoodEssendon13.11 (89) d. 5.11 (41)
55%
1993EssendonCarlton20.13 (133) d. 13.11 (89)
55%
1985EssendonHawthorn26.14 (170) d. 14.8 (92)
55%
1984EssendonHawthorn14.21 (105) d. 12.9 (81)
55%
1988HawthornMelbourne22.20 (152) d. 6.20 (56)
55%
1986HawthornCarlton16.14 (110) d. 9.14 (68)
55%
1983HawthornEssendon20.20 (140) d. 8.9 (57)
55%
1989HawthornGeelong21.18 (144) d. 21.12 (138)
55%

Score Distribution

Percentile by Number Answered

Percent of People with Each Score

Your Score History

You have not taken this quiz since the last reset